| 000 | 00598nam a22001937a 4500 | ||
|---|---|---|---|
| 999 |
_c195554 _d195554 |
||
| 005 | 20230403143251.0 | ||
| 010 | _aENG-136583 | ||
| 020 |
_a9788195308385 _c199.00 |
||
| 035 | _aEN-120115 | ||
| 037 | _bDBAD/PUB | ||
| 082 | _a614.4395421 | ||
| 100 | _aShukla, Sandeep | ||
| 245 |
_aAerobiology of chhattisgarh / _cby Sandeep Shukla |
||
| 250 | _a1st ed. | ||
| 260 |
_aChhattisgarh _c2021 _bAditi Pblication |
||
| 270 | _aNear ICE Factory Opp Sakti Sound Service Gali Kushapur Raipur Chhattisgarh India | ||
| 300 |
_a140p.; _c21cm(pbk) |
||
| 942 |
_2ddc _cEN _h614.4395421 _mSHU |
||